[Event "71st ch-RUS HL 2018"]
[Site "Yaroslavl RUS"]
[Date "2018.07.02"]
[Round "6.16"]
[White "Romanov, Evgeny"]
[Black "Girya, Olga"]
[Result "1-0"]
[WhiteTitle "GM"]
[BlackTitle "WGM"]
[WhiteElo "2628"]
[BlackElo "2457"]
[WhiteFideId "4148843"]
[BlackFideId "4195752"]
[EventDate "2018.06.26"]

1. e4 c6 2. d4 d5 3. e5 Bf5 4. Nf3 e6 5. Be2 c5 6. O-O Nc6 7. c3 cxd4 8. Nxd4
Nge7 9. Nxf5 Nxf5 10. Bd3 Be7 11. Re1 Qc7 12. Qe2 d4 13. c4 Nb4 14. b3 Nxd3 15.
Qxd3 O-O 16. a4 a6 17. Ba3 Rad8 18. b4 Nh4 19. Nd2 Qc6 20. Ne4 Ng6 21. b5 Qd7
22. Bd6 f5 23. Nc5 Nxe5 24. Rxe5 Qxd6 25. Rae1 Rde8 26. Nxe6 Bf6 27. c5 Qb8 28.
R5e2 Rf7 29. Qc4 axb5 30. axb5 Rc8 31. Nc7 Rf8 32. Ne8 d3 33. Qxd3 h6 34. Nd6
Rd7 35. Qxf5 Qd8 36. Qd5+ Kh8 37. b6 Bg5 38. g3 Qf6 39. f4 1-0

[Event "71st ch-RUS HL 2018"]
[Site "Yaroslavl RUS"]
[Date "2018.07.02"]
[Round "6.23"]
[White "Moskalenko, Alexander"]
[Black "Zakaryan, David"]
[Result "1/2-1/2"]
[WhiteTitle "GM"]
[BlackTitle "FM"]
[WhiteElo "2558"]
[BlackElo "2387"]
[WhiteFideId "4155351"]
[BlackFideId "24101923"]
[EventDate "2018.06.26"]

1. d4 Nf6 2. Bf4 c6 3. c3 d5 4. e3 Bf5 5. Nf3 Qb6 6. Qb3 Nbd7 7. h3 h6 8. Nbd2
g5 9. Bh2 Bg7 10. Ne5 Nxe5 11. Bxe5 O-O 12. Be2 Ne4 13. Bh2 Nxd2 14. Kxd2 Qxb3
15. axb3 f6 16. Ra5 e5 17. Bh5 a6 18. h4 exd4 19. exd4 Kh7 20. Re1 Bg6 21. Bxg6+
Kxg6 22. Re7 b6 23. Ra1 gxh4 24. Rc7 Rfc8 25. Rb7 b5 26. b4 h5 27. Bf4 Bh6 28.
Bxh6 Kxh6 29. Ke3 Rg8 30. Re7 Rxg2 31. Rh1 a5 32. bxa5 Rxa5 33. Rxh4 Ra2 34. Rf4
Rg6 35. Re6 f5 36. Re5 Rxb2 37. Rfxf5 Rb3 38. Rxh5+ Kg7 39. Re7+ Kg8 40. Kd2
Rb2+ 41. Ke3 Rc2 42. Re8+ Kf7 43. Rhe5 Rxc3+ 44. Kf4 Rf6+ 45. Kg5 Rg6+ 46. Kf4
Rf6+ 47. Kg5 Rg6+ 48. Kf4 1/2-1/2

[Event "71st ch-RUS HL 2018"]
[Site "Yaroslavl RUS"]
[Date "2018.07.02"]
[Round "6.24"]
[White "Bykov, Egor"]
[Black "Vavulin, Maksim"]
[Result "0-1"]
[WhiteTitle "FM"]
[BlackTitle "IM"]
[WhiteElo "2373"]
[BlackElo "2552"]
[WhiteFideId "34115290"]
[BlackFideId "4169530"]
[EventDate "2018.06.26"]

1. d4 g6 2. c4 Bg7 3. Nc3 Nc6 4. d5 Nb8 5. e4 d6 6. Bd3 e6 7. Nf3 Ne7 8. O-O Nd7
9. Be3 h6 10. Nd4 c5 11. Ndb5 Ne5 12. Be2 a6 13. f4 axb5 14. Nxb5 exd5 15. fxe5
Bxe5 16. cxd5 g5 17. Bh5 Ng6 18. Bxg6 fxg6 19. a4 b6 20. Bd2 Bxb2 21. Qf3 Qe7
22. e5 Bxe5 23. Rae1 Bf5 24. g4 O-O 25. gxf5 Rxa4 26. Qh3 Rh4 27. f6 Rxf6 28.
Qc8+ Qf8 29. Qxf8+ Rxf8 30. Rxf8+ Kxf8 31. Re2 Rh3 32. Re3 Bxh2+ 33. Kg2 Rxe3
34. Bxe3 Be5 35. Kf3 Ke7 36. Ke4 Kf6 37. Na3 Bh2 38. Bd2 h5 39. Bc3+ Kf7 40. Be1
Bf4 41. Nb5 Kf6 42. Nc3 Be5 43. Nb5 h4 0-1

[Event "71st ch-RUS HL 2018"]
[Site "Yaroslavl RUS"]
[Date "2018.07.02"]
[Round "6.26"]
[White "Antipov, Mikhail Al."]
[Black "Tekeyev, Zaur"]
[Result "1/2-1/2"]
[WhiteTitle "GM"]
[BlackTitle "FM"]
[WhiteElo "2616"]
[BlackElo "2407"]
[WhiteFideId "4107012"]
[BlackFideId "4199731"]
[EventDate "2018.06.26"]

1. d4 Nf6 2. Bg5 d5 3. Bxf6 gxf6 4. e3 c5 5. dxc5 Qa5+ 6. Nc3 e6 7. Qd4 Nc6 8.
Bb5 a6 9. Bxc6+ bxc6 10. Qxf6 Rg8 11. Qh4 Rb8 12. Ne2 Rxg2 13. Kd2 Qxc5 14. Rag1
Rxg1 15. Rxg1 Rxb2 16. Rg8 Qd6 17. Ng3 Rb4 18. Qh6 Rg4 19. Rh8 Rg6 20. Qxh7 e5
21. Qh5 d4 22. Nce4 dxe3+ 23. Ke2 Qe7 24. f3 Kd8 25. Kxe3 Bd7 26. Kf2 Kc7 27.
Nf5 Qb4 28. Ne3 Bd6 29. Rh7 Qb1 30. Rxf7 Rg1 31. Ke2 Qb5+ 32. Kf2 Qb1 33. Ke2
Qb5+ 34. Kf2 Qb1 1/2-1/2

[Event "71st ch-RUS HL 2018"]
[Site "Yaroslavl RUS"]
[Date "2018.07.02"]
[Round "6.29"]
[White "Vastrukhin, Oleg"]
[Black "Okrugin, Sergey"]
[Result "1-0"]
[BlackTitle "IM"]
[WhiteElo "2420"]
[BlackElo "2334"]
[WhiteFideId "4192770"]
[BlackFideId "4125339"]
[EventDate "2018.06.26"]

1. g3 Nf6 2. Bg2 d5 3. Nf3 c6 4. O-O Bg4 5. Ne5 Bf5 6. d4 e6 7. c4 Be4 8. f3
Bxb1 9. Rxb1 Nbd7 10. Qb3 Qb6 11. Nxd7 Nxd7 12. Rd1 Qxb3 13. axb3 Nb6 14. c5 Nd7
15. b4 g6 16. e4 Bg7 17. Kf2 f5 18. e5 h5 19. Bf1 a6 20. Ra1 Rb8 21. Be2 Bh6 22.
f4 Ke7 23. Bd2 Rbg8 24. Bxa6 bxa6 25. Rxa6 g5 26. Rxc6 gxf4 27. gxf4 Rg4 28. h3
Rg7 29. Rg1 Rxg1 30. Kxg1 Rb8 31. Ra6 Bxf4 32. Bxf4 Rxb4 33. Bg5+ Kf7 34. Ra7
Kg6 35. h4 Nb8 36. Re7 Rxd4 37. Rxe6+ Kg7 38. Rb6 1-0

[Event "71st ch-RUS HL 2018"]
[Site "Yaroslavl RUS"]
[Date "2018.07.03"]
[Round "7.3"]
[White "Khismatullin, Denis"]
[Black "Inarkiev, Ernesto"]
[Result "1/2-1/2"]
[WhiteTitle "GM"]
[BlackTitle "GM"]
[WhiteElo "2627"]
[BlackElo "2684"]
[WhiteFideId "4142578"]
[BlackFideId "4162722"]
[EventDate "2018.06.26"]

1. Nf3 d5 2. e3 Nf6 3. c4 e6 4. b3 Be7 5. Bb2 O-O 6. Nc3 dxc4 7. bxc4 b6 8. g3
Bb7 9. Bg2 c5 10. O-O Ne8 11. Qe2 Nd6 12. d4 Nc6 13. dxc5 bxc5 14. Rfd1 Na5 15.
Nd2 Bxg2 16. Kxg2 Qb6 17. Rab1 Qc6+ 18. Kg1 Rab8 19. Ba1 Bf6 20. Qg4 h5 21. Qxh5
Naxc4 22. Qf3 Qxf3 23. Nxf3 Rb4 24. Rbc1 Rfb8 25. Ne1 Bxc3 26. Rxc3 Ne4 27. Rc2
Nb2 28. Rdc1 c4 29. a3 Rb3 30. Bxb2 Rxb2 31. Rxb2 Rxb2 32. Rxc4 Nxf2 33. Rc8+
Kh7 34. Rc2 Nd3 35. Rxb2 Nxb2 36. Kf2 Kg6 37. Kf3 Kf5 38. g4+ Ke5 39. h4 f6 40.
Nc2 Nc4 41. Nd4 a6 42. a4 Kd5 43. Nc2 Ne5+ 44. Kg3 Nd3 45. h5 Ke4 46. g5 Kf5 47.
gxf6 Kxf6 48. Kg4 Nc5 49. Nb4 Nxa4 50. Nxa6 Nb6 51. Nc5 Nc4 52. Kf4 1/2-1/2

[Event "71st ch-RUS HL 2018"]
[Site "Yaroslavl RUS"]
[Date "2018.07.03"]
[Round "7.4"]
[White "Rakhmanov, Aleksandr"]
[Black "Najer, Evgeniy"]
[Result "1/2-1/2"]
[WhiteTitle "GM"]
[BlackTitle "GM"]
[WhiteElo "2627"]
[BlackElo "2668"]
[WhiteFideId "4173708"]
[BlackFideId "4118987"]
[EventDate "2018.06.26"]

1. d4 Nf6 2. c4 e6 3. Nc3 Bb4 4. e3 O-O 5. Nf3 d5 6. Bd2 a6 7. Qc2 Re8 8. Bd3
dxc4 9. Bxc4 b5 10. Bd3 Bb7 11. a3 Bf8 12. Ng5 g6 13. h4 b4 14. Ne2 Nc6 15. h5
h6 16. Ne4 Nxh5 17. Nc5 Bxc5 18. Qxc5 bxa3 19. bxa3 Rb8 20. Rc1 Qg5 21. Qxg5
hxg5 22. f3 Red8 23. Kf2 e5 24. Be4 Na7 25. Bb1 exd4 26. exd4 g4 27. fxg4 Nf6
28. g5 Nd5 29. Be4 Nb5 30. a4 Nd6 31. Bf3 Ba8 32. Rc5 Nb4 33. Nf4 Bxf3 34. gxf3
Nf5 35. d5 Na2 36. Rc2 Nb4 37. Rc5 Na2 38. Rc2 Nb4 39. Rxc7 Nxd5 40. Nxd5 Rxd5
41. Bc3 Ng7 42. f4 Nh5 43. Be5 Rd2+ 44. Ke3 Rbd8 45. Rc3 Kf8 46. Rxh5 gxh5 47.
Bf6 R2d7 48. Bxd8 Rxd8 49. Rc6 a5 50. Rc5 h4 51. Rxa5 h3 52. Ra6 Rd1 53. Rh6 Ra1
54. Kf3 Rxa4 55. Rxh3 f6 56. gxf6 Ra3+ 1/2-1/2

[Event "71st ch-RUS HL 2018"]
[Site "Yaroslavl RUS"]
[Date "2018.07.03"]
[Round "7.5"]
[White "Alekseenko, Kirill"]
[Black "Motylev, Alexander"]
[Result "1/2-1/2"]
[WhiteTitle "GM"]
[BlackTitle "GM"]
[WhiteElo "2621"]
[BlackElo "2659"]
[WhiteFideId "4135539"]
[BlackFideId "4121830"]
[EventDate "2018.06.26"]

1. e4 e5 2. Nf3 Nc6 3. Bb5 Nf6 4. d3 Bc5 5. Bxc6 dxc6 6. h3 O-O 7. Nc3 Re8 8.
Be3 Bb4 9. O-O Nd7 10. Ne2 Nf8 11. Bg5 Be7 12. Bxe7 Qxe7 13. Qd2 Ng6 14. a3 Be6
15. Qe3 a5 16. Nd2 a4 17. Rae1 Ra5 18. d4 Rb5 19. Rb1 Ba2 20. Ra1 Be6 21. Rab1
Ba2 22. Ra1 Be6 23. Rab1 1/2-1/2

[Event "71st ch-RUS HL 2018"]
[Site "Yaroslavl RUS"]
[Date "2018.07.03"]
[Round "7.7"]
[White "Sviridov, Valery"]
[Black "Matlakov, Maxim"]
[Result "1/2-1/2"]
[BlackTitle "GM"]
[WhiteElo "2513"]
[BlackElo "2699"]
[WhiteFideId "4120680"]
[BlackFideId "4168003"]
[EventDate "2018.06.26"]

1. d4 Nf6 2. Nf3 d5 3. c4 e6 4. g3 Bb4+ 5. Bd2 Be7 6. Bg2 O-O 7. O-O Nbd7 8. Qc2
c6 9. Rd1 b6 10. Bf4 Bb7 11. Nc3 dxc4 12. Nd2 Nd5 13. Nxc4 Nxf4 14. gxf4 Qc7 15.
e3 Rac8 16. Rac1 Nf6 17. a3 Rfd8 18. b4 Nd5 19. Ne5 Bd6 20. Ne4 f6 21. Nd3 Bf8
22. Qb3 Qf7 23. Ng3 Bd6 24. Bf3 Kh8 25. Kh1 c5 26. e4 Nxf4 27. dxc5 bxc5 28.
bxc5 Bb8 29. Nxf4 Bxf4 30. Rxd8+ Rxd8 31. Rd1 Rxd1+ 32. Bxd1 Qd7 33. Bg4 Bc8 34.
Qc4 g6 35. Kg2 Kg7 36. Ne2 Be5 37. f4 Bc7 38. Nd4 f5 39. exf5 exf5 40. Bf3 Bxf4
41. Ne6+ Qxe6 42. Qxf4 Qe7 43. c6 g5 44. Qb8 Ba6 45. h3 Kh6 46. c7 Qe6 47. Qxa7
g4 48. hxg4 fxg4 49. Ba8 Kg5 1/2-1/2

[Event "71st ch-RUS HL 2018"]
[Site "Yaroslavl RUS"]
[Date "2018.07.03"]
[Round "7.10"]
[White "Goganov, Aleksey"]
[Black "Romanov, Evgeny"]
[Result "1/2-1/2"]
[WhiteTitle "GM"]
[BlackTitle "GM"]
[WhiteElo "2576"]
[BlackElo "2628"]
[WhiteFideId "24109959"]
[BlackFideId "4148843"]
[EventDate "2018.06.26"]

1. e4 c5 2. Nf3 a6 3. c3 d5 4. exd5 Qxd5 5. d4 Nf6 6. Be2 e6 7. O-O Nc6 8. Be3
cxd4 9. Nxd4 Nxd4 10. Bxd4 Bc5 11. Bf3 Qd6 12. Na3 Bxd4 13. Qxd4 Qxd4 14. cxd4
Rb8 15. Rac1 b5 16. Rc7 O-O 17. Rfc1 Rd8 18. Nc2 Ne8 19. Ra7 Rd7 20. Rxd7 Bxd7
21. Nb4 Rc8 22. Rc5 Rxc5 23. dxc5 Nc7 24. Kf1 Kf8 25. Ke2 a5 26. Nd3 b4 27. c6
Be8 28. Nc5 f5 29. Kd3 e5 30. Nd7+ Bxd7 31. cxd7 e4+ 32. Kd4 Ke7 33. Bd1 Kxd7
34. Ke5 g6 35. g4 fxg4 36. Bxg4+ Ke7 37. Kxe4 Kd6 38. Kd4 Na6 39. Bd1 g5 40. Bc2
h6 41. Kc4 Nc7 42. Be4 h5 43. Bf3 g4 44. Bd1 Nd5 45. Kd4 Nf4 46. f3 Ne6+ 47. Kc4
gxf3 48. Bxf3 h4 49. Bg4 Nc5 50. Bd1 Kc6 51. Bc2 Kb6 52. Kd5 Kb5 53. Bg6 Kb6 54.
Kc4 Na4 55. Bc2 Nc5 56. Kd4 Kb5 57. Kd5 b3 58. axb3 Kb4 59. h3 1/2-1/2

[Event "71st ch-RUS HL 2018"]
[Site "Yaroslavl RUS"]
[Date "2018.07.03"]
[Round "7.18"]
[White "Sychev, Klementy"]
[Black "Esipenko, Andrey"]
[Result "1/2-1/2"]
[WhiteTitle "IM"]
[BlackTitle "GM"]
[WhiteElo "2527"]
[BlackElo "2599"]
[WhiteFideId "4114060"]
[BlackFideId "24175439"]
[EventDate "2018.06.26"]

1. e4 c6 2. Nf3 d5 3. Nc3 Bg4 4. h3 Bxf3 5. Qxf3 e6 6. d4 dxe4 7. Qxe4 Nf6 8.
Qh4 Be7 9. Bd3 Nbd7 10. Qg3 Qb6 11. O-O O-O 12. Bh6 Nh5 13. Qf3 Nhf6 14. Qg3 Ne8
15. Bf4 Nef6 16. Bh6 Nh5 17. Qf3 Nhf6 18. Qg3 1/2-1/2

[Event "71st ch-RUS HL 2018"]
[Site "Yaroslavl RUS"]
[Date "2018.07.03"]
[Round "7.20"]
[White "Volkov, Sergey"]
[Black "Ovetchkin, Roman"]
[Result "1/2-1/2"]
[WhiteTitle "GM"]
[BlackTitle "GM"]
[WhiteElo "2580"]
[BlackElo "2546"]
[WhiteFideId "4122763"]
[BlackFideId "4119991"]
[EventDate "2018.06.26"]

1. d4 Nf6 2. c4 g6 3. Nc3 Bg7 4. e4 d6 5. Nf3 O-O 6. Be2 e5 7. Be3 exd4 8. Nxd4
Re8 9. f3 c6 10. Bf2 d5 11. exd5 cxd5 12. O-O Nc6 13. c5 Nh5 14. Qd2 Be5 15. g3
Ng7 16. Rfe1 Nf5 17. Nxf5 Bxf5 18. f4 Bxc3 19. Qxc3 d4 20. Qc4 Be6 21. Qb5 Qd5
22. Bf1 Bg4 23. Qxb7 Reb8 24. Bc4 Qxc4 25. Qxc6 d3 26. Qf6 Rd8 27. b3 Qd5 28.
Re5 Qf3 29. Re3 Qd5 30. Re5 Qf3 31. Re3 Qd5 32. Re5 1/2-1/2

[Event "71st ch-RUS HL 2018"]
[Site "Yaroslavl RUS"]
[Date "2018.07.03"]
[Round "7.23"]
[White "Zakaryan, David"]
[Black "Usmanov, Vasily"]
[Result "0-1"]
[WhiteTitle "FM"]
[BlackTitle "IM"]
[WhiteElo "2387"]
[BlackElo "2477"]
[WhiteFideId "24101923"]
[BlackFideId "4135741"]
[EventDate "2018.06.26"]

1. Nf3 d5 2. b3 Bf5 3. Bb2 e6 4. g3 h6 5. Bg2 Nf6 6. O-O Be7 7. c4 O-O 8. d3 c6
9. Nbd2 Nbd7 10. Re1 Bh7 11. Qc2 a5 12. a3 Qb8 13. e4 dxe4 14. Nxe4 Rd8 15. Rad1
Qa7 16. Nxf6+ Bxf6 17. Bxf6 Nxf6 18. Qc3 Qc5 19. b4 axb4 20. axb4 Qa7 21. Ra1
Qb8 22. Rxa8 Qxa8 23. Ra1 Qb8 24. d4 Be4 25. Ne5 Qd6 26. f3 Bf5 27. Ra7 Nd7 28.
Nxd7 Rxd7 29. Bf1 Qe7 30. Kf2 Qd8 31. Be2 Kh7 32. c5 Bg6 33. Ke3 Qg5+ 34. Kf2
Qf6 35. Ke3 Qf5 36. b5 e5 37. dxe5 Rd5 38. f4 cxb5 39. Rxb7 Qb1 40. Kf2 Be4 41.
Rxb5 Qh1 42. Ke3 Bf5 43. c6 Qg1+ 44. Kf3 Qh1+ 45. Ke3 Qg1+ 46. Kf3 g5 47. fxg5
Rd4 48. g6+ Kg7 49. Qxd4 Qxd4 50. Kg2 Be4+ 51. Kh3 Qf2 52. Rb2 Bg2+ 53. Kh4 Qd4+
54. g4 Qf2+ 55. Kh5 fxg6# 0-1

[Event "71st ch-RUS HL 2018"]
[Site "Yaroslavl RUS"]
[Date "2018.07.03"]
[Round "7.24"]
[White "Oganian, Miran"]
[Black "Antipov, Mikhail Al."]
[Result "1/2-1/2"]
[WhiteTitle "IM"]
[BlackTitle "GM"]
[WhiteElo "2432"]
[BlackElo "2616"]
[WhiteFideId "4122488"]
[BlackFideId "4107012"]
[EventDate "2018.06.26"]

1. d4 Nf6 2. c4 c6 3. Nf3 d5 4. Qc2 a6 5. Bf4 dxc4 6. Qxc4 b5 7. Qc2 e6 8. Nbd2
Bb7 9. e3 Nbd7 10. Be2 Rc8 11. Rd1 Qa5 12. O-O Nd5 13. Qb1 Nxf4 14. exf4 Be7 15.
Bd3 g6 16. h4 Qc7 17. g3 c5 18. Be4 c4 19. h5 Nf6 20. Bxb7 Qxb7 21. hxg6 hxg6
22. Kg2 Bb4 23. a3 Bxd2 24. Rxd2 Qd5 25. Rh1 Ke7 26. Re2 c3 27. Rxh8 Rxh8 28.
Qd3 Qh5 29. Nh4 Nd5 30. Qf3 Nxf4+ 31. Qxf4 Qxe2 32. Nxg6+ fxg6 33. Qc7+ Kf8 34.
Qd8+ Kg7 35. Qc7+ Kf8 36. Qd8+ Kg7 37. Qc7+ Kf8 38. Qd8+ Kg7 39. Qc7+ Kf8 40.
Qd8+ Kg7 1/2-1/2

[Event "71st ch-RUS HL 2018"]
[Site "Yaroslavl RUS"]
[Date "2018.07.03"]
[Round "7.26"]
[White "Rodin, Dmitrij"]
[Black "Triapishko, Alexandr"]
[Result "0-1"]
[WhiteTitle "FM"]
[BlackTitle "IM"]
[WhiteElo "2402"]
[BlackElo "2513"]
[WhiteFideId "4127412"]
[BlackFideId "14122286"]
[EventDate "2018.06.26"]

1. e4 c6 2. d4 d5 3. e5 Bf5 4. Nf3 e6 5. Be2 Ne7 6. O-O c5 7. Be3 Nec6 8. c3 Nd7
9. Nbd2 Rc8 10. Nb3 c4 11. Nbd2 Be7 12. Ne1 h6 13. f4 O-O 14. g4 Bh7 15. Ng2 f6
16. Qe1 fxe5 17. fxe5 Rxf1+ 18. Nxf1 Bg5 19. Qd2 Bxe3+ 20. Nfxe3 Qe7 21. Rf1 b5
22. Nf4 Rf8 23. Neg2 b4 24. cxb4 g5 25. b5 Ncxe5 26. dxe5 Qc5+ 27. Kh1 gxf4 28.
Rxf4 Nxe5 29. Rxf8+ Qxf8 30. Qe3 Qg7 31. b6 axb6 32. Qxb6 Qf6 33. Qe3 Nd3 34.
Kg1 Be4 35. Bxd3 cxd3 36. Qd2 Qf3 37. Ne3 d4 38. Nf1 Bd5 39. Ng3 Qe3+ 40. Qxe3
dxe3 0-1

[Event "71st ch-RUS HL 2018"]
[Site "Yaroslavl RUS"]
[Date "2018.07.04"]
[Round "8.1"]
[White "Oparin, Grigoriy"]
[Black "Sarana, Alexey"]
[Result "1/2-1/2"]
[WhiteTitle "GM"]
[BlackTitle "GM"]
[WhiteElo "2587"]
[BlackElo "2573"]
[WhiteFideId "24125890"]
[BlackFideId "24133795"]
[EventDate "2018.06.26"]

1. e4 c5 2. Nf3 d6 3. d4 cxd4 4. Nxd4 Nf6 5. Nc3 a6 6. Be2 e5 7. Nb3 Be7 8. O-O
O-O 9. Re1 Be6 10. Bf3 Nbd7 11. a4 Rc8 12. Nd2 Nb8 13. Nf1 Nc6 14. Be3 Nb4 15.
Bd2 Nc6 16. Be3 Nb4 17. Bd2 Nc6 18. Be3 1/2-1/2

[Event "71st ch-RUS HL 2018"]
[Site "Yaroslavl RUS"]
[Date "2018.07.04"]
[Round "8.3"]
[White "Inarkiev, Ernesto"]
[Black "Lysyj, Igor"]
[Result "1-0"]
[WhiteTitle "GM"]
[BlackTitle "GM"]
[WhiteElo "2684"]
[BlackElo "2630"]
[WhiteFideId "4162722"]
[BlackFideId "4150120"]
[EventDate "2018.06.26"]

1. e4 e5 2. Nf3 Nc6 3. Bb5 Nf6 4. Nc3 Bc5 5. O-O O-O 6. Nxe5 Nxe5 7. d4 Bd6 8.
f4 Neg4 9. e5 Be7 10. f5 d6 11. exf6 Nxf6 12. Qf3 c6 13. Bd3 Qb6 14. Be3 Qxb2
15. Ne2 d5 16. g4 Ne4 17. Ng3 Nxg3 18. Qxg3 f6 19. Kh1 Qa3 20. Rf3 Rf7 21. h4
Qd6 22. Qg2 h6 23. Rg1 Bd7 24. Bf4 Qb4 25. g5 fxg5 26. hxg5 Bxg5 27. Bxg5 hxg5
28. Qxg5 Re8 29. Qh4 1-0

[Event "71st ch-RUS HL 2018"]
[Site "Yaroslavl RUS"]
[Date "2018.07.04"]
[Round "8.8"]
[White "Matlakov, Maxim"]
[Black "Popov, Ivan RUS"]
[Result "1/2-1/2"]
[WhiteTitle "GM"]
[BlackTitle "GM"]
[WhiteElo "2699"]
[BlackElo "2608"]
[WhiteFideId "4168003"]
[BlackFideId "4170350"]
[EventDate "2018.06.26"]

1. d4 d5 2. c4 dxc4 3. Nf3 Nf6 4. e3 e6 5. Bxc4 c5 6. O-O Nc6 7. Nc3 a6 8. Qe2
b5 9. Bb3 Bb7 10. d5 Nxd5 11. Rd1 Be7 12. Bxd5 exd5 13. Nxd5 O-O 14. a4 Na5 15.
Nxe7+ Qxe7 16. axb5 axb5 17. Qxb5 Ba6 18. Qa4 Be2 19. Re1 Bxf3 20. gxf3 Qb7 21.
Qe4 Qxe4 22. fxe4 Nb3 23. Rxa8 Rxa8 24. e5 h6 25. Kg2 Ra4 26. Rd1 Re4 27. Bd2
Nxd2 28. Rxd2 Rxe5 29. Rc2 Kf8 30. Rc4 Ke7 31. b4 cxb4 32. Rxb4 g5 33. h4 Kf6
34. hxg5+ hxg5 35. Kg3 Kg6 36. Ra4 f6 37. Rb4 Ra5 38. Rc4 Rb5 39. Rd4 Rc5 40.
Rb4 Ra5 1/2-1/2

[Event "71st ch-RUS HL 2018"]
[Site "Yaroslavl RUS"]
[Date "2018.07.04"]
[Round "8.13"]
[White "Kokarev, Dmitry"]
[Black "Goganov, Aleksey"]
[Result "1/2-1/2"]
[WhiteTitle "GM"]
[BlackTitle "GM"]
[WhiteElo "2603"]
[BlackElo "2576"]
[WhiteFideId "4132181"]
[BlackFideId "24109959"]
[EventDate "2018.06.26"]

1. e4 e5 2. Nf3 Nc6 3. Bb5 Nf6 4. d3 Bc5 5. Bxc6 dxc6 6. Nbd2 Be6 7. O-O Nd7 8.
Nb3 Be7 9. d4 f6 10. dxe5 Nxe5 11. Nxe5 Qxd1 12. Rxd1 fxe5 13. Be3 b6 14. Nc1
Bf6 15. Nd3 O-O-O 16. f3 c5 17. Nf2 Rdg8 18. Ng4 h5 19. Nxf6 gxf6 20. Kf2 h4 21.
Rd2 a5 22. a3 Rh7 23. Rh1 Bd7 24. Rg1 Kd8 25. Rdd1 Ke7 26. g4 hxg3+ 27. hxg3 Ba4
28. Rc1 Rh2+ 29. Rg2 Rgh8 30. c3 c4 31. g4 Ke6 32. Rg1 R8h7 33. g5 fxg5 34. Bxg5
Rxg2+ 35. Rxg2 Rg7 36. Bh4 Rxg2+ 37. Kxg2 Be8 38. Kf2 a4 39. Ke3 b5 40. Bg3 c6
41. Bf2 1/2-1/2

[Event "71st ch-RUS HL 2018"]
[Site "Yaroslavl RUS"]
[Date "2018.07.04"]
[Round "8.17"]
[White "Usmanov, Vasily"]
[Black "Turov, Maxim"]
[Result "1/2-1/2"]
[WhiteTitle "IM"]
[BlackTitle "GM"]
[WhiteElo "2477"]
[BlackElo "2600"]
[WhiteFideId "4135741"]
[BlackFideId "4120086"]
[EventDate "2018.06.26"]

1. Nf3 Nf6 2. c4 g6 3. Nc3 Bg7 4. e4 d6 5. d4 O-O 6. Be2 Bg4 7. Be3 Nfd7 8. Rc1
a5 9. O-O Na6 10. h3 Bxf3 11. Bxf3 e5 12. d5 f5 13. exf5 gxf5 14. Be2 Nac5 15.
Qd2 Nf6 16. Qc2 Qd7 17. f4 exf4 18. Bxf4 Nfe4 19. Nxe4 Nxe4 20. Rce1 Bd4+ 21.
Kh2 Qg7 22. Bd3 Bxb2 23. Bxe4 fxe4 24. Qxe4 Rxf4 25. Qxf4 Be5 26. Rxe5 Qxe5 27.
Qxe5 dxe5 28. Kg3 a4 29. a3 Ra5 30. Rb1 Rc5 31. Rb4 b5 32. cxb5 Rxd5 33. Kg4 Kf7
34. Kf5 Ke7 35. Rxa4 Rxb5 36. Rh4 e4+ 37. Kxe4 h5 38. Kd4 Ra5 39. Kc3 Rxa3+ 40.
Kb4 Rg3 1/2-1/2

[Event "71st ch-RUS HL 2018"]
[Site "Yaroslavl RUS"]
[Date "2018.07.04"]
[Round "8.19"]
[White "Fakhrutdinov, Timur"]
[Black "Volkov, Sergey"]
[Result "1-0"]
[WhiteTitle "FM"]
[BlackTitle "GM"]
[WhiteElo "2460"]
[BlackElo "2580"]
[WhiteFideId "24176702"]
[BlackFideId "4122763"]
[EventDate "2018.06.26"]

1. e4 e6 2. d4 d5 3. Nc3 Nf6 4. e5 Nfd7 5. f4 c5 6. Nf3 Nc6 7. Be3 Be7 8. Qd2
O-O 9. dxc5 Qa5 10. O-O-O b6 11. Bb5 Nb4 12. a3 bxc5 13. Kb1 Nb6 14. f5 d4 15.
axb4 Qxb4 16. f6 gxf6 17. Nxd4 cxd4 18. Bxd4 fxe5 19. Bxe5 f6 20. Rhf1 Bb7 21.
Rf4 Qc5 22. Rg4+ Kh8 23. Qg5 Rf7 24. Bxf6+ 1-0

[Event "71st ch-RUS HL 2018"]
[Site "Yaroslavl RUS"]
[Date "2018.07.05"]
[Round "9.4"]
[White "Inarkiev, Ernesto"]
[Black "Motylev, Alexander"]
[Result "1/2-1/2"]
[WhiteTitle "GM"]
[BlackTitle "GM"]
[WhiteElo "2684"]
[BlackElo "2659"]
[WhiteFideId "4162722"]
[BlackFideId "4121830"]
[EventDate "2018.06.26"]

1. d4 d5 2. c4 c6 3. cxd5 cxd5 4. Bf4 Nf6 5. Nc3 Nc6 6. Nf3 Nh5 7. Be5 f6 8. Bg3
Be6 9. e3 Nxg3 10. hxg3 Bf7 11. Bd3 g6 12. O-O e6 13. Rc1 Bd6 14. Na4 O-O 15. a3
Qe7 16. e4 dxe4 17. Bxe4 Na5 18. b4 f5 19. Bd3 Nc6 20. Bc4 Rad8 21. Qb3 Bb8 22.
Nc5 Nxd4 23. Nxd4 Rxd4 24. Bxe6 b6 25. Bxf7+ Qxf7 26. Qxf7+ Kxf7 27. Na6 Bd6 28.
Nc7 Be7 29. Nb5 Rd7 30. Rc6 Rfd8 31. Re1 a6 32. Nc7 Rc8 33. Rec1 a5 34. R1c4
Rd1+ 35. Kh2 Rd2 36. f4 Rd7 37. Ne6 Rxc6 38. Rxc6 axb4 39. axb4 Rd6 40. Ng5+ Ke8
41. Rc7 h6 42. Nf3 Bf6 43. Nh4 Be7 44. b5 Kd8 45. Rb7 Bxh4 1/2-1/2

[Event "71st ch-RUS HL 2018"]
[Site "Yaroslavl RUS"]
[Date "2018.07.05"]
[Round "9.7"]
[White "Predke, Alexandr"]
[Black "Matlakov, Maxim"]
[Result "1/2-1/2"]
[WhiteTitle "GM"]
[BlackTitle "GM"]
[WhiteElo "2613"]
[BlackElo "2699"]
[WhiteFideId "24107581"]
[BlackFideId "4168003"]
[EventDate "2018.06.26"]

1. e4 e5 2. Nf3 Nc6 3. Bb5 a6 4. Ba4 Nf6 5. d3 b5 6. Bb3 Bc5 7. Nc3 d6 8. Nd5 h6
9. c3 Rb8 10. O-O O-O 11. d4 Ba7 12. Be3 Nxd5 13. Bxd5 Ne7 14. dxe5 Bxe3 15.
fxe3 Nxd5 16. exd5 dxe5 17. Nxe5 Bb7 18. Qd4 Re8 19. Rad1 Qg5 20. Nc6 Bxc6 21.
dxc6 Rxe3 22. Qf4 Qxf4 23. Rxf4 Rbe8 24. Rd7 R3e7 25. a4 Rxd7 26. cxd7 Rd8 27.
axb5 axb5 28. Rb4 c6 29. Rd4 Kf8 30. Rd6 Ke7 31. Rxc6 Rxd7 32. h3 b4 33. cxb4
Rd2 34. b5 Rxb2 35. b6 h5 36. Rc7+ Ke6 37. Rc6+ Ke7 38. Rc7+ Ke6 39. Rc6+ Ke7
40. Rc7+ Ke6 1/2-1/2